000 00767nam a2200217 a 4500
001 18160
003 BD-RJUL
005 20211209000239.0
008 140219s19501912ie 000 0 eng d
035 _a(BD-RjUL)18218
040 _aBD-RjUL
_beng
_cBD-RjUL
041 _aeng
082 _a810.08
_bSYP 1950
100 1 _aSynge, J. M.
_q(John Millington),
_d1871-1909.
_955924
245 1 0 _aPoems and translations /
_cby John M. Synge
260 _aDublin :
_aLondon :
_bMaunsel,
_cc1912 [reprinting 1950]
300 _a50 p. ;
_c18 cm
500 _a"Reprinted with additions (Collected works of J.M. Synge) 1910. Library edition 1911"--T.p. verso
856 4 1 _3Bodleian Library 3967 f.33
_uhttp://purl.ox.ac.uk/uuid/aa0afcf26a4349ec97c095e63ee58c1d
942 _2ddc
_cBK
999 _c18160
_d18160